LEADER 01297nam2-2200385---4500 001 990000832950203316 005 20101207100315.0 035 $a0083295 035 $aUSA010083295 035 $a(ALEPH)000083295USA01 035 $a0083295 100 $a20020103d1968----km-y0ENGy0103----ba 101 $aeng 102 $aUS 200 1 $a<> Taxes in Grain in Ptolemaic Egypt$egranary receipts from Diospolis Magna 164-88 C.C.$fZola M. Packman 210 $aNew Haven$cThe American society of papyrologists$d1968 215 $a84 p.$c1 c. di tav., 22 p. di tav., ill.$d29 cm 225 $aAmerican studies in papyrology$v4 461 1$10010104210$12001$aAmerican studies in papyrology$v, 4 606 $aGrano$xDazi$yEgitto$z164-88 a.C. 676 $a932.01 700 1$aPACKMAN,$bZola M.$0173111 801 0$aIT$bsalbc$gISBD 912 $a990000832950203316 951 $aFONDO$b120833 LM$cFONDO 959 $aBK 969 $aUMA 979 $aPATTY$b90$c20020103$lUSA01$h0912 979 $c20020403$lUSA01$h1729 979 $aPATRY$b90$c20040406$lUSA01$h1657 979 $aPATRY$b90$c20080626$lUSA01$h1429 979 $aPATRY$b90$c20080626$lUSA01$h1430 979 $aPATRY$b90$c20101207$lUSA01$h1003 996 $aTaxes in grain in Ptolemaic Egypt$9742188 997 $aUNISA LEADER 01174nam a2200253 i 4500 001 991001481629707536 008 020 $a9788838767807 035 $ab14021444-39ule_inst 040 $aSet. Economia - SAGA$bita 082 0 $a344.45099 100 1 $aDe Stefanis, Cinzia$0267953 245 10$aAssociazioni sportive dilettantistiche e società sportive :$bdisciplina civilistica, aspetti amministrativi e gestionali, trattamento fiscale, formulario su Cd-Rom /$cCinzia De Stefanis, Antonio Quercia 260 $aSantarcangelo di Romagna :$bMaggioli,$c2011 300 $a651 p. ;$c25 cm +$e1 CD-ROM 440 0$aProfessionisti & imprese ;$v139 650 4$aSport$xDiritto 700 1 $aQuercia, Antonio$eauthor$4http://id.loc.gov/vocabulary/relators/aut$0524401 907 $a.b14021444$b02-04-14$c15-11-11 912 $a991001481629707536 945 $aLE025 ECO 344 DES01.01$g1$i2025000246102$lle025$nProf. Adamo$o-$pE64.00$q-$rl$s- $t0$u6$v8$w6$x0$y.i15360842$z15-12-11 996 $aAssociazioni sportive dilettantistiche e società sportive$91115615 997 $aUNISALENTO 998 $ale025$b15-11-11$cm$da $e-$fita$git $h0$i0